Statistics for Least Frequent Letters Used in Wordle

Click here to take the quiz!

General Stats

  • This quiz has been taken 180 times
  • The average score is 5 of 7

Answer Stats

# of times usedLetter% Correct
40Z
96%
37X
94%
29Q
88%
195W
74%
210K
68%
153V
65%
27J
62%

Score Distribution

Percentile by Number Answered

Percent of People with Each Score

Your Score History

You have not taken this quiz